Five Nights at Freddy's; los Ojos de Plata (Registro nro. 15923)

000 -CABECERA
campo de control de longitud fija 01420nam a22002417a 4500
003 - IDENTIFICADOR DEL NÚMERO DE CONTROL
campo de control OSt
005 - FECHA Y HORA DE LA ÚLTIMA TRANSACCIÓN
campo de control 20250505211123.0
008 - DATOS DE LONGITUD FIJA--INFORMACIÓN GENERAL
campo de control de longitud fija 250505b ||||| |||| 00| 0 spa d
020 ## - NÚMERO INTERNACIONAL ESTÁNDAR DEL LIBRO
Número Internacional Estándar del Libro 9789588763750
040 ## - FUENTE DE LA CATALOGACIÓN
Centro/agencia transcriptor CO-Mq BPB
041 ## - CÓDIGO DE LENGUA
Código de lengua del texto/banda sonora o título independiente spa
082 ## - NÚMERO DE LA CLASIFICACIÓN DECIMAL DEWEY
Número de clasificación JN
Número de documento/Ítem CAWo
100 ## - ENTRADA PRINCIPAL--NOMBRE DE PERSONA
Nombre de persona Cawthon, Scott
Término indicativo de función/relación autor
245 ## - MENCIÓN DE TÍTULO
Título Five Nights at Freddy's; los Ojos de Plata
264 ## - PRODUCCIÓN, PUBLICACIÓN, DISTRIBUCIÓN, FABRICACIÓN Y COPYRIGHT
Producción, publicación, distribución, fabricación y copyright Bogotá;
Nombre del de productor, editor, distribuidor, fabricante Penguin Random House,
Fecha de producción, publicación, distribución, fabricación o copyright 2022
300 ## - DESCRIPCIÓN FÍSICA
Extensión 392 páginas;
Otras características físicas tapa rustica
Dimensiones 21 cm
521 ## - NOTA DE PÚBLICO DESTINATARIO
Nota de público destinatario La novela oficial del videojuego de terror que arrasa en el mundo entero.Recomendado del librero.Diez años después de los terroríficos asesinatos sucedidos en la Freddy Fazbear Pizza que asolaron a una población entera, Charlie, la hija del antiguo propietario de la pizzería, y sus amigos de la infancia, se reúnen para recordar el aniversario de la tragedia en la puerta del local que ha estado cerrado y abandonado durante todos estos años. Cuando encuentran la manera de entrar a la antigua pizzería, ellos descubrirán que las cosas no son como eran en el pasado. Las cuatro mascotas animatrónicas ahora han crecido y sus patrones han cambiado. Ahora tienen un oscuro secreto... y una agenda en la que el terror y el asesinato son sus prioridades.
650 ## - PUNTO DE ACCESO ADICIONAL DE MATERIA--TÉRMINO DE MATERIA
Término de materia o nombre geográfico como elemento de entrada Literatura juvenil
650 ## - PUNTO DE ACCESO ADICIONAL DE MATERIA--TÉRMINO DE MATERIA
Término de materia o nombre geográfico como elemento de entrada Terror y suspenso
650 ## - PUNTO DE ACCESO ADICIONAL DE MATERIA--TÉRMINO DE MATERIA
Término de materia o nombre geográfico como elemento de entrada Acción y aventuras
700 ## - PUNTO DE ACCESO ADICIONAL--NOMBRE DE PERSONA
Nombre de persona Aguiriano Aizpurua, Paula
Término indicativo de función/relación traductora
942 ## - ELEMENTOS DE PUNTO DE ACCESO ADICIONAL (KOHA)
Fuente del sistema de clasificación o colocación
Tipo de ítem Koha Libro Literatura
Existencias
Estado de retiro Estado de pérdida Fuente del sistema de clasificación o colocación Estado dañado No para préstamo Código de colección Localización permanente Ubicación/localización actual Ubicación en estantería Fecha de adquisición Fuente de adquisición Número de inventario Total de préstamos Renovaciones totales Signatura topográfica completa Código de barras Fecha visto por última vez Fecha del último préstamo Número de copia Precio válido a partir de Tipo de ítem Koha Nota pública En préstamo
          Literatura Juvenil Biblioteca Pública San Juan Bosco Biblioteca Pública San Juan Bosco Literatura 05/05/2025 Compra 2024 NT 6 2 JN CAWo MOS504372 05/05/2026 07/04/2026 Ej.1 05/05/2025 Libro Literatura Quince dias  
          Literatura Juvenil Biblioteca Pública San Juan Bosco Biblioteca Pública San Juan Bosco Literatura 05/05/2025 Compra 2024 NT 4 3 JN CAWo MOS504373 25/05/2026 25/05/2026 Ej.2 05/05/2025 Libro Literatura Quince dias 11/06/2026

© Todos los derechos reservados para la Biblioteca Pública Municipal San Juan Bosco, 2020
Secretaria de Cultura de Mosquera
Carrera 3 N° 10 Esquina Centro Cultural Barrio El Carmén Teléfono: 8270830 Ext: 34
Funcionando con KOHA
Contacto: Biblioteca Pública Municipal San Juan Bosco/ bibliotecasanjuanbosco@mosquera-cundinamarca.gov.co
Mosquera, Cundinamarca